005110000a220008500045001000019000002450061000193000050000805200279001307730016004091 aCarter, Isabel10aCómo animar la apropiación local de la información aVol.0, núm.71 (Agosto, 2007), Páginas 4-6 aUna de cada seis personas en el mundo no sabe leer ni escribir. Muchas de estas personas hablan idiomas locales y puede que no entiendan el idioma nacional de su país. Esto significa que a menudo no tienen acceso a información proveniente de fuera de sus comunidades.0 tPaso a Paso